Návrh konceptu udržateľnej marketingovej stratégie priemyselného podniku na zvýšenie jeho udržateľnej konkurencieschopnosti
Návrh a využitie udržateľnej marketingovej komunikačnej stratégie ideálneho priemyselného podniku a praktická aplikácia v podniku. Udržateľná marketingová komunikačná stratégia podniku je zameraná na zvýšenie udržateľnej konkurencieschopnosti prostredníctvom formovania pozitívneho imidžu podniku zal...
Enregistré dans:
| Auteur principal: | |
|---|---|
| Autres auteurs: | , |
| Format: | Chapitre de livre |
| Langue: | slovaque |
| Sujets: | |
| Tags: |
Pas de tags, Soyez le premier à ajouter un tag!
|
MARC
| LEADER | 00000nla a2200000 4500 | ||
|---|---|---|---|
| 001 | 0242332 | ||
| 005 | 20240417075136.9 | ||
| 041 | 0 | |a slo | |
| 044 | |a SK | ||
| 245 | 1 | 0 | |a Návrh konceptu udržateľnej marketingovej stratégie priemyselného podniku na zvýšenie jeho udržateľnej konkurencieschopnosti |c Monika Šujaková, Simona Golejová, Peter Sakál |
| 520 | |a Návrh a využitie udržateľnej marketingovej komunikačnej stratégie ideálneho priemyselného podniku a praktická aplikácia v podniku. Udržateľná marketingová komunikačná stratégia podniku je zameraná na zvýšenie udržateľnej konkurencieschopnosti prostredníctvom formovania pozitívneho imidžu podniku založeného aj na súčasných trendoch marketingovej komunikácie. | ||
| 610 | 2 | 0 | |a podnik priemyselný |
| 610 | 2 | 0 | |a rozvoj trvalo udržateľný |
| 610 | 2 | 0 | |a stratégia marketingová |
| 610 | 2 | 0 | |a komunikácia marketingová |
| 610 | 2 | 0 | |a konkurencieschopnosť |
| 100 | 1 | |a Šujaková, Monika | |
| 700 | 1 | |a Golejová, Simona | |
| 700 | 1 | |a Sakál, Peter | |